000 00626nam a2200193 a 4500
005 20140310183243.0
008 040720s19uu xx 00 eng d
020 _a1860198686
050 _aGT 720
_b.C37 2002
100 _aCassin-Scott, Jack.
245 _aThe illustrated encyclopedia of costume and fashion :
_bfrom 1066 to the present/
_cJack Cassin-Scott.
260 _aLondon :
_bBlockhamton Press,
_cc2002.
300 _a192 p. :
_bill. col. ;
_c25 cm.
521 _aBSBA
650 _aClothing and dress -- Europe -- History.
650 _aFashion -- Europe -- History.
942 _cBK
_2lcc
_kFOR
999 _c20637
_d20637